European Economic Integration and Sustainable Development : (Record no. 13283)
[ view plain ]
| 000 -LEADER | |
|---|---|
| fixed length control field | 01236cam a2200289 a 4500 |
| 001 - CONTROL NUMBER | |
| control field | 4927310 |
| 005 - DATE AND TIME OF LATEST TRANSACTION | |
| control field | 20050408181352.0 |
| 008 - FIXED-LENGTH DATA ELEMENTS--GENERAL INFORMATION | |
| fixed length control field | 951027s1996 enka | b 001 0 eng d |
| 010 ## - LIBRARY OF CONGRESS CONTROL NUMBER | |
| LC control number | 95047472 |
| 020 ## - INTERNATIONAL STANDARD BOOK NUMBER | |
| International Standard Book Number | 0077078365 (pbk : alk. paper) |
| 040 ## - CATALOGING SOURCE | |
| Original cataloging agency | DLC |
| Transcribing agency | DLC |
| Modifying agency | DLC |
| 043 ## - GEOGRAPHIC AREA CODE | |
| Geographic area code | e------ |
| 050 00 - LIBRARY OF CONGRESS CALL NUMBER | |
| Classification number | HC240 |
| Item number | .B296 1996 |
| 082 00 - DEWEY DECIMAL CLASSIFICATION NUMBER | |
| Classification number | 337.14 |
| Edition number | 20 |
| Item number | BAR |
| 100 1# - MAIN ENTRY--PERSONAL NAME | |
| Personal name | Barrass, Robert, |
| Dates associated with a name | 1946- |
| 9 (RLIN) | 10973 |
| 245 10 - TITLE STATEMENT | |
| Title | European Economic Integration and Sustainable Development : |
| Remainder of title | Institutions, Issues, and Policies / |
| Statement of responsibility, etc | Robert Barrass and Shobhana Madhavan. |
| 260 ## - PUBLICATION, DISTRIBUTION, ETC. (IMPRINT) | |
| Place of publication, distribution, etc | London : |
| Name of publisher, distributor, etc | McGraw-Hill Book Co., |
| Date of publication, distribution, etc | c1996. |
| 300 ## - PHYSICAL DESCRIPTION | |
| Extent | xv, 315 p. : |
| Other physical details | ill. ; |
| Dimensions | 25 cm. |
| 504 ## - BIBLIOGRAPHY, ETC. NOTE | |
| Bibliography, etc | Includes bibliographical references (p. 306-307) and index. |
| 610 20 - SUBJECT ADDED ENTRY--CORPORATE NAME | |
| Corporate name or jurisdiction name as entry element | European Union. |
| 9 (RLIN) | 10974 |
| 651 #0 - SUBJECT ADDED ENTRY--GEOGRAPHIC NAME | |
| Geographic name | European Union countries |
| General subdivision | Economic policy. |
| 9 (RLIN) | 10975 |
| 651 #0 - SUBJECT ADDED ENTRY--GEOGRAPHIC NAME | |
| Geographic name | Europe |
| General subdivision | Economic integration. |
| 9 (RLIN) | 10976 |
| 700 1# - ADDED ENTRY--PERSONAL NAME | |
| Personal name | Madhavan, S. |
| Fuller form of name | (Shobhana) |
| 9 (RLIN) | 10977 |
| 942 ## - ADDED ENTRY ELEMENTS (KOHA) | |
| Source of classification or shelving scheme | Dewey Decimal Classification |
| Item type | Book - Borrowing |
| Withdrawn status | Item status | Source of classification or shelving scheme | Damaged status | Not for loan | Vendor | Home library | Current library | Shelving location | Date acquired | Source of acquisition | Total Checkouts | Total Renewals | Full call number | Barcode | Date last seen | Date last borrowed | Koha item type | Public note |
|---|---|---|---|---|---|---|---|---|---|---|---|---|---|---|---|---|---|---|
| Dewey Decimal Classification | Donation-Gift | Central Library | Central Library | First floor | 04/02/2010 | Donation | 5 | 6 | 337.14 BAR | 000019140 | 15/07/2025 | 25/11/2023 | Book - Borrowing | Donated by : Dr. Bassem Ahmed |